000 00943nam a22002417a 4500
005 20180219120004.0
010 _aB-689588
020 _c1995.00
_a9789350357330
035 _aB-689588
037 _adpl
_bKKP
082 _a346.540482
100 _aIyengar, T.R. Srinivasa
245 _aIyengar's commentary on the copyright act /
_cby T.R. Srinivasa Iyengar; revised by H.K. Saharay
250 _a9th ed
260 _aDelhi
_bUniversal Law Publishing
_c2016
270 _aLexisNexis, 14th Floor, Building No.10, DLF Cyber City, Phase-II
_bGurgaon
_e122002
300 _alxxxiv,1358p.
_c25cm(Hb)
500 _aIncludes index
505 _a(Rashtrapati Bhawan)
700 _aSaharay, H.K.
942 _2ddc
_cEN
_mIYE
_h346.540482
999 _c150031
_d150031